000 00227 a2200097 4500
001 51109
100 _aBenjumin L
245 _aExcel in Macros-Complete Book of
260 _aCalifornia
_bMcGraw-Hill
_c
090 _c32369
_d32369
942 _aNUST-CAE
_cM
_c24857
999 _c286182
_d286182